[Event "Veneto Province-ch 82nd"]
[Site "Ceregnano"]
[Date "2023.01.28"]
[Round "3.5"]
[White "Zangheratti, Daniele"]
[Black "Ranieri, Guglielmo"]
[Result "1-0"]
[WhiteElo "1777"]
[BlackElo "1327"]
[PlyCount "89"]
[EventDate "2023.01.27"]
[EventType "swiss"]
[EventRounds "5"]
[EventCountry "ITA"]
[SourceTitle "EXT 2024"]
[Source "ChessBase"]
[SourceDate "2023.10.10"]
[SourceVersion "1"]
[SourceVersionDate "2023.10.10"]
[SourceQuality "1"]

1. c4 Nf6 2. Nc3 e6 3. g3 Bb4 4. Bg2 Bxc3 5. bxc3 0-0 6. Nf3 d6 7. 0-0 Nbd7 8. d3 h6 9. h3 Re8 10. e4 e5 11. Be3 Nf8 12. Rb1 Ng6 13. Qc2 b6 14. Rb2 Be6 15. Kh2 a5 16. Ng1 Qd7 17. Ne2 Qe7 18. f4 Bc8 19. f5 Nf8 20. g4 N6h7 21. Ng3 f6 22. Nh5 Ba6 23. Qc1 Nd7 24. Rbf2 Nc5 25. Qd2 Rab8 26. Rg1 Qf7 27. Bf1 Red8 28. Be2 Bxc4 29. Bxc5 dxc5 30. h4 Bxa2 31. Ng3 Bc4 32. g5 hxg5 33. hxg5 fxg5 34. Bh5 Qe7 35. Bg6 Bf7 36. Qe2 Bxg6 37. fxg6 Qe6 38. Nf5 Kf8 39. Rxg5 Nxg5 40. Nd4+ Qf6 41. Rxf6+ gxf6 42. Ne6+ Kg8 43. Nxd8 Rxd8 44. Qa2+ Kh8 45. Qf7 1-0

[Event "Santa Maria di Sala op-B 29th"]
[Site "Santa Maria di Sala"]
[Date "2022.12.10"]
[Round "2"]
[White "Marson, Eva Jane"]
[Black "Zangheratti, Daniele"]
[Result "1-0"]
[WhiteElo "1532"]
[BlackElo "1778"]
[PlyCount "111"]
[EventDate "2022.12.09"]
[EventType "swiss"]
[EventRounds "5"]
[EventCountry "ITA"]
[SourceTitle "EXT 2024"]
[Source "ChessBase"]
[SourceDate "2023.10.10"]
[SourceVersion "1"]
[SourceVersionDate "2023.10.10"]
[SourceQuality "1"]

1. e4 c5 2. Nf3 d6 3. d4 cxd4 4. Nxd4 Nf6 5. Nc3 g6 6. Bc4 Bg7 7. Be3 Nc6 8. Bb3 Ng4 9. Nxc6 bxc6 10. Bd2 0-0 11. 0-0 Qc7 12. h3 Nf6 13. f4 Bb7 14. Kh1 d5 15. e5 Nd7 16. Be3 e6 17. Ne2 c5 18. c3 Nb6 19. Rb1 Qc6 20. Rg1 Rad8 21. Qe1 Rd7 22. Qf2 Rc8 23. Rbd1 a5 24. Bc2 Nc4 25. Bc1 a4 26. b3 axb3 27. axb3 Na5 28. Be3 Ba6 29. Ra1 Bxe2 30. Qxe2 Ra8 31. b4 cxb4 32. Ba4 Qc7 33. Bxd7 bxc3 34. Ba4 Nc4 35. Bc2 Rc8 36. Bd4 Nd2 37. Rgc1 Bh6 38. Ba4 Ne4 39. Qf3 Nd2 40. Qxc3 Nc4 41. Bb3 Bxf4 42. Rc2 Qe7 43. Bxc4 Rxc4 44. Qd3 Rb4 45. Bc5 Qb7 46. Bxb4 Qxb4 47. Rc8+ Kg7 48. Rb1 Qa5 49. Qb5 Qd2 50. Qe8 Kh6 51. Qf8+ Kg5 52. Qxf7 Qf2 53. Qe7+ Kf5 54. Qa3 Kg5 55. Qf3 Qd2 56. Qg4+ 1-0

[Event "Santa Maria di Sala op-B 29th"]
[Site "Santa Maria di Sala"]
[Date "2022.12.09"]
[Round "1"]
[White "Zangheratti, Daniele"]
[Black "Steffenato, Stefano"]
[Result "1-0"]
[WhiteElo "1778"]
[BlackElo "1588"]
[PlyCount "67"]
[EventDate "2022.12.09"]
[EventType "swiss"]
[EventRounds "5"]
[EventCountry "ITA"]
[SourceTitle "EXT 2024"]
[Source "ChessBase"]
[SourceDate "2023.10.10"]
[SourceVersion "1"]
[SourceVersionDate "2023.10.10"]
[SourceQuality "1"]

1. d4 Nc6 2. Nf3 d5 3. c4 Bg4 4. cxd5 Qxd5 5. Nc3 Qd7 6. e3 e6 7. Be2 Nf6 8. a3 Be7 9. h3 Bxf3 10. Bxf3 0-0 11. b4 a5 12. b5 Nd8 13. 0-0 Rc8 14. Bb2 c6 15. Na4 Qc7 16. b6 Qd6 17. Nc5 Nd7 18. Ne4 Qb8 19. Qb3 f5 20. Nc5 Nxc5 21. dxc5 Bf6 22. Rad1 Bxb2 23. Qxb2 e5 24. Rd7 Nf7 25. Qb3 e4 26. Bh5 g6 27. Be2 Qe5 28. Bc4 Qf6 29. Rxb7 g5 30. Rd1 Rcd8 31. Bxf7+ Kg7 32. Bc4+ Kh6 33. Rbd7 Rde8 34. R1d6 1-0